000 00496pab a2200157 454500
008 180718b2001 xxu||||| |||| 00| 0 eng d
100 _aHarbeson, John W.
245 _aLocal government, democratization and state reconstruction in Africa: toward integration of lessons from contrasting areas
260 _c2001
300 _ap.89-99
362 _aMay
650 _aLocal government - Africa
650 _aLocal government
773 _aPublic Administration and Development
909 _a48981
999 _c48981
_d48981